000 01458nam a2200301 a 4500
999 _c488640
_d488640
003 BLK
005 20240410123652.0
008 200629b bu ||||| |||| 00| 0 bu d
020 _a9789540916729
040 _aBLK
041 _aBUL
_cBUL
080 _aБългарска литература
_b821.163.2
_x-14
_z821.163.2-14
080 _aАнтични религии
_b255
_x(398)-14
_z255(398)-14
100 1 _aГранитски, Иван
_qДимитров, Иван Йорданов
_d1953-
_gЖурналист, литературен критик, теоретик и историк, поет, публицист и издател.
_955767
139 _aГранитски, Иван
_bГ 77
245 _aОрфей
_bМистична поема
_cИван Гранитски; крит. комент. , студии, речник Иван Маразов.
257 _aBGR
260 _9209473
_aСофия
_bЗахарий Стоянов
_c2022
_fКостинброд : Мултипринт
300 _a503 с.
_bс цв. ил.
_c24 см
380 _aX
500 _aИван Гранитски - псевд. на авт. Иван Йорданов Димитров .
650 0 _9262984
_aМитология, тракийска
653 7 _9192985
_aОрфей
700 _9635
_aМаразов, Иван Русев
_eкомент.
856 _i0.00
_ldisable
942 _cKNG
_n0
_s1
_07
944 _k30576
_lЦветомила Тодорова